| 000 | 00562nam a22002290a 4500 | ||
|---|---|---|---|
| 001 | PT16735 | ||
| 003 | AR-LpoUNG | ||
| 005 | 20210131232715.0 | ||
| 008 | 191001suuuu||||sp |||||||||||||||||spa d | ||
| 020 |
_a847635178X _c$13.16 |
||
| 040 |
_aAR-LpoUNG _bspa _cAR-LpoUNG _eaacr |
||
| 041 | _aspa | ||
| 044 | _asp | ||
| 082 | 0 | _a401.3 934neo | |
| 100 | 1 | _aGuerrero Ramos, Gloria | |
| 245 | 1 | 0 | _aNeologismos en el español actual |
| 250 | _a2§ edición | ||
| 260 |
_aMadrid : _bArco, _cs.f. |
||
| 300 |
_a52 p. : _btbls. |
||
| 905 | _a16735 | ||
| 942 | _cLIB | ||
| 999 |
_c17051 _d17051 |
||